MARC details
| 000 -CABECERA |
| campo de control de longitud fija |
01413nam a2200289 a 4500 |
| 001 - NÚMERO DE CONTROL |
| campo de control |
000041030 |
| 005 - FECHA Y HORA DE LA ÚLTIMA TRANSACCIÓN |
| campo de control |
20201002034550.0 |
| 008 - DATOS DE LONGITUD FIJA--INFORMACIÓN GENERAL |
| campo de control de longitud fija |
090819s1996 sp 001 0 spa d |
| 020 ## - NÚMERO INTERNACIONAL ESTÁNDAR DEL LIBRO |
| Número Internacional Estándar del Libro |
840007596X |
| 040 ## - FUENTE DE LA CATALOGACIÓN |
| Centro catalogador/agencia de origen |
DO-SdBNP |
| Lengua de catalogación |
spa |
| Centro/agencia transcriptor |
BNPHU |
| 082 ## - NÚMERO DE LA CLASIFICACIÓN DECIMAL DEWEY |
| Número de clasificación |
xxxx |
| Número de documento/Ítem |
C322c |
| 049 ## - FONDOS LOCALES (OCLC) |
| Fondos de biblioteca |
BNPD |
| 245 00 - MENCIÓN DE TÍTULO |
| Título |
Cartas de cabildos hispanoaméricanos : |
| Resto del título |
audiencia de Santa Fe / |
| Mención de responsabilidad, etc. |
Ha colaborado en los índices de este tomo Ángeles Flores Moscoso; edición Javier Ortíz de la Tabla Bucasse, Montserrat Fernández Martínez , Águeda Rivera Garrido. |
| 260 ## - PUBLICACIÓN, DISTRIBUCIÓN, ETC. |
| Lugar de publicación, distribución, etc. |
Sevilla : |
| Nombre del editor, distribuidor, etc. |
Escuela de Estudios Hipanoamericanos : |
| -- |
Consejo Superior de Investigaciones Sientíficas (España), |
| Fecha de publicación, distribución, etc. |
1996. |
| 300 ## - DESCRIPCIÓN FÍSICA |
| Extensión |
v. (278), p. ; |
| Dimensiones |
25 cm. |
| 490 1# - MENCIÓN DE SERIE |
| Mención de serie |
Publicaciones de la Escuela de Estudios Hispano-Americanos de Sevilla |
| Designación de volumen o secuencia |
386 |
| 500 ## - NOTA GENERAL |
| Nota general |
Incluye índice onomástico |
| 500 ## - NOTA GENERAL |
| Nota general |
Publicación conmemorativa del v Centenario |
| 505 0# - NOTA DE CONTENIDO CON FORMATO |
| Información miscelánea |
v. 1: |
| Título |
Santa Fe de Bogotá(siglos XVI-XIX) |
| 700 1# - PUNTO DE ACCESO ADICIONAL--NOMBRE DE PERSONA |
| Nombre de persona |
Ortíz de la Tabla, Javier |
| Término indicativo de función/relación |
ed. |
| 9 (RLIN) |
15385 |
| 700 1# - PUNTO DE ACCESO ADICIONAL--NOMBRE DE PERSONA |
| Nombre de persona |
Fernández Martínez, Montserrat |
| Término indicativo de función/relación |
ed. |
| 9 (RLIN) |
67509 |
| 700 1# - PUNTO DE ACCESO ADICIONAL--NOMBRE DE PERSONA |
| Nombre de persona |
Rivera Garrido, Águeda |
| Término indicativo de función/relación |
ed. |
| 9 (RLIN) |
67500 |
| 700 1# - PUNTO DE ACCESO ADICIONAL--NOMBRE DE PERSONA |
| Nombre de persona |
Flores Moscoso, Ángeles |
| Término indicativo de función/relación |
cool |
| 9 (RLIN) |
67510 |
| 710 2# - PUNTO DE ACCESO ADICIONAL--NOMBRE DE ENTIDAD CORPORATIVA |
| Nombre de entidad corporativa o nombre de jurisdicción como elemento de entrada |
Escuela de Estudios Hipanoamericanos |
| 9 (RLIN) |
67511 |
| 710 2# - PUNTO DE ACCESO ADICIONAL--NOMBRE DE ENTIDAD CORPORATIVA |
| Nombre de entidad corporativa o nombre de jurisdicción como elemento de entrada |
Consejo Superior de Investigaciones Sientíficas (España) |
| 9 (RLIN) |
63726 |
| 830 #0 - PUNTO DE ACCESO ADICIONAL DE SERIE-TÍTULO UNIFORME |
| Título uniforme |
Publicaciones de la Escuela de Estudios Hispano-Americanos de Sevilla |
| Designación de volumen o secuencia |
386 |
| 9 (RLIN) |
30488 |